00710nam a22001937a 4500003000400000005001700004008004100021020001800062040002300080082002200103100003300125245015400158250001200312260005100324300003300375650002600408650004300434700003900477OSt20240530110427.0150326s2013 ua ao f 000 0 eng d a9789779010519 aEG-CaGPLcEG-CaGPL04221a616.951\bM E0 aMohamed Abdel Rahim Abdallah10aEgyptian Atlas Sexually Transmitted Infections Gential Dermatology National Guidelines /cEditors Mohamed Abdel Rahim Abdallah , Adel Botros Zaghloul a1st ed. aCairo :bMohamed Abdel Rahim Abdallah ,c2013. a90 p. :bcol. ill. ;c24 cm.0 aDermatology , Gential0 aSexually Transmitted DiseasesxAtlases0 aAdel Botros ZaghlouleJoint Author